Statistics for Ultimate Marvel Characters Quiz

Click here to take the quiz!

General Stats

  • This quiz has been taken 10,406 times
    (10,371 since last reset)
  • The average score is 63 of 158

Answer Stats

HintAnswer% Correct
Steve RogersCaptain America
99%
Bruce BannerHulk
99%
Tony StarkIronman
99%
Peter ParkerSpiderman
99%
Son of OdinThor
99%
Natasha RomanoffBlack Widow
98%
T'ChallaBlack Panther
97%
Clint BartonHawkeye
96%
Sam WilsonFalcon
87%
Hank PymAntman
84%
Groot
84%
Step brother of ThorLoki
83%
Guardias of the Galaxy (5 members)Starlord
83%
Gamora
82%
Winter SoldierBucky
80%
Wade WilsonDeadpool
79%
Drax
79%
Head of SHIELDNick Fury
79%
Matthew MurdockDaredevil
78%
Janet van DyneWasp
77%
Ruler of AsgardOdin
76%
Charles XavierProfessor X
76%
Stephen StrangeDr Strange
75%
Johnny StormHuman Torch
75%
Wanda MaximoffScarlet Witch
75%
Reed RichardsMr Fantastic
72%
Pietro MaximoffQuicksilver
72%
James RhodesWar Machine
71%
Scott SummersCyclops
70%
Ororo MunroeStorm
70%
Ben GrimmThing
70%
Susan StormInvisible Woman
69%
Mad TitanThanos
68%
James HowletteWolverine
68%
Erik LehnserrMagneto
67%
Victor Von DoomDr Doom
66%
Eddie BrockVenom
66%
Harry OsbourneGreen Goblin
64%
Jean GreyPhoenix
63%
Hank McCoyBeast
62%
Robot AvengerVision
61%
Rocket Raccoon
60%
Evil RobotUltron
60%
Johnny BlazeGhost Rider
57%
Carol DanversMs Marvel
56%
Kurt WagnerNightcrawler
56%
Bobby DrakeIceman
55%
Frank CastlePunisher
54%
Elektra NatchiosElektra
53%
Guardian of AsgardHeimdall
52%
Norin RaddSilver Surfer
51%
Otto OctaviousDoctor Octopus
50%
Danny RandIronfist
49%
Second in command of SHEILDMaria Hill
49%
Anna MarieRogue
48%
Lady warrior of AsgardSif
48%
PowermanLuke Cage
47%
Raven DarkholmeMystique
47%
Warren Worthington IIIAngel
46%
Wilson FiskKingpin
46%
Johann SchmidtRed Skull
45%
Peter RasputinColossus
44%
God of WarAres
43%
Remy LeBeauGambit
43%
Son of ZeusHercules
43%
Flint MarcoSandman
41%
Jennifer WaltersShe Hulk
41%
Jessica DrewSpiderwoman
41%
Destroyer of WorldsGalactus
40%
Curt ConnersLizard
40%
The Sub-MarinerNamor
39%
Thunderbolt RossRed Hulk
38%
Cletus KasadyCarnage
37%
ZemoBaron Zemo
36%
Max DillonElectro
36%
Alex SummersHavok
36%
Marc SpectorMoon Knight
36%
Ivan VankoWhiplash
36%
Pepper PottsRescue
35%
White QueenEmma Frost
34%
Jubilation LeeJubilee
34%
Adrinan ToomesVulture
34%
Quentin BeckMysterio
33%
Emil BlonskAbomination
32%
En Sabah NurApocalypse
32%
Felicia HardyBlack Cat
32%
Cain MarkoJuggernaut
32%
Victor CreedSabretooth
32%
Nathan SummersCable
31%
The ConquerorKang
31%
Kitty PrydeShadowcat
31%
BrunnhildeValkyrie
31%
Lucas BishopBishop
30%
Aldrich KillianMandarin
27%
Duckbill looking version of ThorBeta Ray Bill
25%
Eric BrooksBlade
24%
Aleksei SytsevichRhino
24%
Blackagar BoltagonBlack Bolt
23%
Brian BraddockCaptain Britain
23%
Sam AlexanderNova
23%
Betsy BraddockPsylocke
23%
Laura KinneyX23
23%
Fred DukesBlob
21%
Evil DemonMephisto
21%
The Warriors Three (3 members)Volstagg
21%
Father of NightcrawlerAzazel
19%
Sean CassidyBanshee
19%
Fandral
19%
Illyana RasputinMagik
19%
John AllerdyrePyro
19%
AmoraEnchantress
18%
Hogun
18%
Played by Kevin BaconSebastian Shaw
18%
LesterBullseye
17%
SkurgeExecutioner
17%
Mortimer ToyabeeToad
17%
Barbara MorseMockingbird
16%
Nathaniel EssexMr Sinister
16%
HaradaSilver Samurai
16%
Carl CreelAbsorbing Man
15%
Tyrone JohnsonCloak
14%
Tandy BowenDagger
14%
Lord of ChaosDormammu
14%
George TarletonMODOK
14%
Roberto De CostaSunspot
14%
Tony MastersTaskmaster
14%
Madame HydraViper
14%
Ava AyalaWhite Tiger
14%
Non mutant X-men villianWilliam Stryker
14%
Simon WilliamsWonderman
14%
Mutant that fixes thingsForge
13%
Yurico OyamaLady Deathstrike
13%
Samuel SternsLeader
13%
Samuel GuthrieCannonball
12%
Billy RussoJigsaw
12%
Doreen GreenSquirrel Girl
12%
Greer NelsonTigra
12%
Wrecking Crew (4 members)Wrecker
12%
Anton VankoCrimson Dynamo
11%
Allison BlaireDazzler
11%
Neena ThurmanDomino
11%
Shiro YoshidaSunfire
10%
Nathan GarretBlack Knight
9%
Claire FergusonBlink
9%
Bulldozer
9%
Karima ShapandarOmega Sentinel
9%
Piledriver
9%
Thunderball
9%
Karla SofenMoonstone
8%
Megan GwynnPixie
8%
Angel SalvadoreTempest
7%
Donnie GillBlizzard
6%
Bob BlakeHydroman
6%
Joseph ChapmanUnion Jack
6%
Controls people by her touchKayla Silverfox
5%
Eric GItterInk
4%
Janos QuestadRiptide
4%
Frank PayneConstrictor
3%

Score Distribution

Percentile by Number Answered

Percent of People with Each Score

Your Score History

You have not taken this quiz since the last reset